| 000 | 01661nam a2200205Ia 4500 | ||
|---|---|---|---|
| 003 | Ost | ||
| 005 | 20260507075109.0 | ||
| 008 | 260507s9999||||xx |||||||||||||| ||und|| | ||
| 020 | _a8400932951 | ||
| 040 | _cfsecg | ||
| 041 | _aara | ||
| 082 | _a330 | ||
| 100 |
_aخاتمي، محمد _eمؤلف |
||
| 245 | 0 |
_aالتنمية السياسية التنمية الاقتصادية والامن / _c محمد خاتمي |
|
| 260 |
_aبيروت: _bدار الفكر المعاصر, _c2002 |
||
| 300 |
_a256 صفحة؛ _c25 سم |
||
| 520 | _aيتناول هذا الكتاب قضايا حساسة تتعلق بالتنمية فيه انخرط السيد محمد ختامي رئيس الجمهورية الاسلامية الايرانية في التيار العقلاني الذي يقدم نفسه بديلا عن نموذج الخوارج ورواسبه التي تسربت الى تراث الاسلام الفكري وهو ما يفتأ يردد بصدور مشروعه السياسي أن الحكومة القوية تستوعب حقيقة فلسفةيو وتكوينية تفيد بأن الاختلاف في وجهات النظر أمر يشكل عاملا هاما عن عوامل تقم المجتمع الاسلامي بأنها تنبثق من صميم التجربة في دولة تخضع لسياقات تأثير متنوع وتستوعب جوانب عملية التحديث وبناء المدني وتلامس أوجاع الانسان وهمومه ، متحاية بصراحة قلما يجدها لدى مسؤول رسمي مثله . | ||
| 653 | _aتنمية سياسية - تنمية اقتصادية - امن | ||
| 942 | _cكتاب | ||
| 999 |
_c42857 _d42857 |
||